Creativity for Innovation Management: Tools and Techniques for Creative Thinking in Practice (Record no. 43402)

MARC details
000 -LEADER
fixed length control field 00549nam a22001817a 4500
005 - DATE AND TIME OF LATEST TRANSACTION
control field 20250326113230.0
008 - FIXED-LENGTH DATA ELEMENTS--GENERAL INFORMATION
fixed length control field 250326b |||||||| |||| 00| 0 eng d
020 ## - INTERNATIONAL STANDARD BOOK NUMBER
International Standard Book Number 9781032127699
041 ## - LANGUAGE CODE
Language code of text/sound track or separate title Eng.
082 ## - DEWEY DECIMAL CLASSIFICATION NUMBER
Classification number 658.4063 GOL
100 ## - MAIN ENTRY--PERSONAL NAME
Author Goller, Ina
245 ## - TITLE STATEMENT
Title Creativity for Innovation Management: Tools and Techniques for Creative Thinking in Practice
250 ## - EDITION STATEMENT
Edition statement 2nd
260 ## - PUBLICATION, DISTRIBUTION, ETC.
Place New York
Publisher Routledge
Publication Year 2024
300 ## - PHYSICAL DESCRIPTION
Extent 271;. P. 24 cm
650 ## - SUBJECT ADDED ENTRY--TOPICAL TERM
Subject Creative Ability in Business; Management-Technological Innovations
942 ## - ADDED ENTRY ELEMENTS (KOHA)
Koha item type Books
Holdings
Withdrawn status Lost status Source of classification or shelving scheme Damaged status Not for loan Home library Current library Shelving location Accession Date Vendor Price Bill number Full call number Barcode No Date last seen Discount Bill Date Koha item type Suggested By
    Dewey Decimal Classification     IMTN IMTN Rack 31-B 03/19/2025 Raghav Books Private Limited 4896.09 2374 658.4063 GOL 33693 03/26/2025 33 02/14/2025 Books Dr. Shanthi Perumal
Designed & Maintained by: LRC IMT Nagpur Contact: lrc@imtnag.ac.in© 2024. All Rights Reserved.